Köy Enstitüleri (Record no. 6126)

MARC details
000 -BAŞLIK
Sabit Uzunlukta Kontrol Alanı 00704na a2200229 4500
001 - KONTROL NUMARASI
Denetim Alanı 17425
003 - KONTROL NUMARASI IDENTIFIER
Denetim Alanı MIRAKIL
005 - SON İŞLEM TARİHİ VE ZAMANI
Denetim Alanı 20181213155057.0
008 - SABİT-BOY VERİ ELEMANLARI - GENEL BİLGİLER
Sabit Uzunlukta Kontrol Alanı 161210b tu 000 0
040 ## - KATALOGLAMA KAYNAK
Orijinal Kataloglama Ajansı Milas
Kataloglama Dili tur
Metne Dönüştürmek Ajansı TR-AnCHP
041 ## - DİL KODU
Metin / Ses Parça Veya Ayrı Başlığın Dil Kodu tur
082 ## - DEWEY ONLU SINIFLANDIRMA NUMARASI
Sınıflandırma Numarası 370.7209561
Ürün Numarası K79 2000
090 ## - SINIFLAMA NUMARASI
Sınıflama Numarası 370.7209561 K79 2000
245 ## - BAŞLIK TABLOSU
Başlık Köy Enstitüleri
Başlığın Kalan Dünyaya örnek bir eğitim uygulaması
Sorumluluk Tablosu, Vb Hazırlayanlar Talip Apaydın ... [ve öte.]
260 ## - YAYIN, DAĞITIM, VB
Yayın, Dağıtım, Vb Yeri İstanbul
Yayıncı, Dağıtıcı, Vs Adı TÜSES Yayınları
Yayın, Dağıtım, Vb Tarihi 2000
300 ## - FİZİKSEL TANIM
Kapsam 141, [18] s.
Diğer Fiziksel Ayrıntıları fotg.
Boyutlar 21 sm
490 ## - SERİSİ TABLOSU
Seri Beyanı TÜSES yayınları
Hacim / Ardışık Tanımı 2000/2
650 ## - KONU KATMA GİRİŞ - TOPİKAL DÖNEM
Topikal Süreli Veya Coğrafi Ad Giriş Elemanı Kırsal eğitim
Genel Alt Bölümü Tarih
Coğrafi Alt Bölümü Türkiye
650 ## - KONU KATMA GİRİŞ - TOPİKAL DÖNEM
Topikal Süreli Veya Coğrafi Ad Giriş Elemanı Köy enstitüleri
700 ## - KATMA GİRİŞ - KİŞİSEL İSİM
Kişisel Ad Apaydın, Talip
942 ## - EKLENDİ GİRİŞ ELEMANLARI (KOHA)
Sınıflandırma Veya Raf Düzeni Kaynak Dewey Decimal Classification
Koha Öğesi Türü Books
999 ## - SİSTEM KONTROL NUMARALARI (KOHA)
Koha Biblionumber 6126
Koha Biblioitemnumber 6126
Holdings
Kalıcı Konum Mevcut Konum Edinme Tarihi Edinim Kaynak Toplam Check-Out'Lar Tam Çağrı Numarası Barkod Tarih Son Görülme Tarihi Geçen Teslim Kopya Sayısı İtibaren Geçerli Fiyatlar Koha Öğesi Türü
CHP Kütüphanesi CHP Kütüphanesi 10/24/2016 Bağış 1 370.7209561 K79 2000 007660 07/19/2019 07/08/2019 k.2 10/24/2016 Books
CHP Kütüphanesi CHP Kütüphanesi 10/24/2016 Bağış   370.7209561 K79 2000 007661 10/24/2016     10/24/2016 Books